[Event "SLO-ch (Women) 15th"]
[Site "Ptuj"]
[Date "2005.08.17"]
[Round "7"]
[White "Grobelsek, Ana"]
[Black "Srebrnic, Ana"]
[Result "0-1"]
[WhiteElo "2129"]
[BlackElo "2289"]
[PlyCount "136"]
[EventDate "2005.08.12"]
[EventType "swiss"]
[EventRounds "9"]
[EventCountry "SLO"]
[SourceTitle "CBM 107 Extra"]
[Source "ChessBase"]
[SourceDate "2005.09.01"]
[SourceVersion "1"]
[SourceVersionDate "2005.09.01"]
[SourceQuality "1"]

1. e4 d6 2. d4 Nf6 3. Nc3 e5 4. Nf3 Nbd7 5. Bc4 Be7 6. 0-0 0-0 7. a4 c6 8. Re1 b6 9. d5 c5 10. h3 a6 11. Bf1 Ne8 12. Ne2 Rb8 13. c4 g6 14. g4 Ng7 15. Ng3 Nf6 16. Re3 h5 17. Nh2 h4 18. Ne2 Nh7 19. Rb3 Ng5 20. Nc3 f5 21. f3 Bd7 22. Be3 fxg4 23. fxg4 Ne8 24. Qe2 Nc7 25. Bf2 Qe8 26. Qe1 b5 27. axb5 axb5 28. Bxh4 bxc4 29. Rxb8 Qxb8 30. Qe3 Rf4 31. Bg3 Rf7 32. Bh4 Nxh3+ 33. Qxh3 Rh7 34. Nf3 Qxb2 35. Ra7 Qxc3 36. Rxc7 Qe3+ 37. Bf2 Qxe4 38. Qg2 Bxg4 39. Nd2 Qxg2+ 40. Bxg2 c3 41. Ne4 c2 42. Be3 Bf5 43. Ra7 Rf7 44. Ra2 Rf8 45. Rxc2 Ra8 46. Rb2 Ra1+ 47. Kf2 Bh4+ 48. Ng3 Ra3 49. Re2 c4 50. Bf3 Bd3 51. Rd2 e4 52. Bg4 c3 53. Be6+ Kf8 54. Bh6+ Ke7 55. Rd1 Ra2+ 56. Ke3 Bxg3 57. Bg5+ Kf8 58. Bf6 Re2+ 59. Kd4 c2 60. Ra1 Be5+ 61. Bxe5 dxe5+ 62. Kxe5 Rd2 63. Kf6 Rf2+ 64. Kxg6 Rf1 65. Ra8+ Ke7 66. Ra7+ Kd6 67. Rd7+ Ke5 68. Re7 c1Q 0-1

[Event "SLO-ch (Women) 15th"]
[Site "Ptuj"]
[Date "2005.08.16"]
[Round "6"]
[White "Novak, Ksenija"]
[Black "Grobelsek, Ana"]
[Result "1-0"]
[WhiteElo "2164"]
[BlackElo "2129"]
[PlyCount "91"]
[EventDate "2005.08.12"]
[EventType "swiss"]
[EventRounds "9"]
[EventCountry "SLO"]
[SourceTitle "CBM 107 Extra"]
[Source "ChessBase"]
[SourceDate "2005.09.01"]
[SourceVersion "1"]
[SourceVersionDate "2005.09.01"]
[SourceQuality "1"]

1. e4 e5 2. d4 exd4 3. Qxd4 Nc6 4. Qe3 Nf6 5. Nc3 Be7 6. Bd2 d5 7. exd5 Nxd5 8. Qg3 Bd6 9. f4 Qe7+ 10. Nge2 Ndb4 11. Qxg7 Qf8 12. Qxf8+ Kxf8 13. 0-0-0 Bf5 14. a3 Nxc2 15. Ng3 N2d4 16. Nxf5 Nxf5 17. Nb5 Ncd4 18. Nxd6 Nxd6 19. Bc3 c5 20. Bxd4 cxd4 21. Rxd4 Rc8+ 22. Kb1 Rc6 23. g3 Kg7 24. Bg2 Rb6 25. Rhd1 Nf5 26. Re4 Nd6 27. Re7 Kf6 28. Rd7 Ke6 29. Rc7 Nb5 30. Rc5 Nxa3+ 31. Ka2 Nb5 32. Bh3+ Kf6 33. Rd7 Nd6 34. Rd5 Nb5 35. Rf5+ Kg6 36. Rfxf7 Nd6 37. Rg7+ Kh6 38. g4 Ne8 39. g5+ Kh5 40. Rxh7+ Rxh7 41. Rxh7+ Kg6 42. Re7 Ng7 43. Bd7 Ra6+ 44. Kb3 Rb6+ 45. Kc3 Nf5 46. Be8# 1-0

[Event "Portoroz op"]
[Site "Portoroz"]
[Date "2005.05.01"]
[Round "8"]
[White "Ursic, Simona"]
[Black "Grobelsek, Ana"]
[Result "1/2-1/2"]
[WhiteElo "1973"]
[BlackElo "2124"]
[PlyCount "70"]
[EventDate "2005.04.26"]
[EventType "swiss"]
[EventRounds "7"]
[EventCountry "SLO"]
[SourceTitle "EXT 2006"]
[Source "ChessBase"]
[SourceDate "2005.11.24"]
[SourceVersion "1"]
[SourceVersionDate "2005.11.24"]
[SourceQuality "1"]

1. e4 e5 2. Nf3 Nc6 3. Bc4 Nf6 4. d3 h6 5. c3 d6 6. Nbd2 g6 7. 0-0 Bg7 8. Re1 0-0 9. d4 Qe7 10. Qc2 Nh5 11. dxe5 Nxe5 12. Nxe5 dxe5 13. Nf3 Bg4 14. Be2 Nf4 15. Bxf4 exf4 16. h3 Bd7 17. Rad1 c5 18. Bc4 b5 19. Bd5 Rab8 20. e5 Bf5 21. Be4 Be6 22. b3 Rfd8 23. c4 bxc4 24. bxc4 Rxd1 25. Rxd1 Qc7 26. Qc3 g5 27. Bd5 Bf5 28. Re1 Re8 29. Qa3 Qb6 30. Re2 Rb8 31. Kh2 a5 32. Qa4 Qc7 33. e6 Bxe6 34. Bxe6 fxe6 35. Rxe6 Qf7 1/2-1/2

[Event "Zadar op (Women)"]
[Site "Zadar"]
[Date "2004.12.15"]
[Round "4.1"]
[White "Grobelsek, Ana"]
[Black "Olarasu, Gabriela"]
[Result "0-1"]
[WhiteElo "2074"]
[BlackElo "2325"]
[PlyCount "28"]
[EventDate "2004.12.13"]
[EventType "swiss"]
[EventRounds "9"]
[EventCountry "CRO"]
[SourceTitle "EXT 2006"]
[Source "ChessBase"]
[SourceDate "2005.11.24"]
[SourceVersion "1"]
[SourceVersionDate "2005.11.24"]
[SourceQuality "1"]

1. e4 e5 2. Nf3 Nc6 3. c3 Nf6 4. d4 Nxe4 5. d5 Ne7 6. Nxe5 Ng6 7. Qf3 Nf6 8. Nxg6 hxg6 9. Be3 Rh5 10. Bc4 d6 11. Bb5+ c6 12. Ba4 Nxd5 13. Nd2 Nxe3 14. Bb3 Nd5 0-1

[Event "SLO-ch (Women)"]
[Site "Maribor"]
[Date "2004.07.04"]
[Round "9"]
[White "Grobelsek, Ana"]
[Black "Srebrnic, Ana"]
[Result "0-1"]
[WhiteElo "2112"]
[BlackElo "2252"]
[PlyCount "42"]
[EventDate "2004.06.28"]
[EventType "swiss"]
[EventRounds "9"]
[EventCountry "SLO"]
[SourceTitle "EXT 2009"]
[Source "ChessBase"]
[SourceDate "2008.11.26"]
[SourceVersion "1"]
[SourceVersionDate "2008.11.26"]
[SourceQuality "1"]

1. e4 e5 2. Nf3 Nf6 3. Nxe5 d6 4. Nf3 Nxe4 5. c4 Nc6 6. Nc3 Nxc3 7. dxc3 Be7 8. Bd3 0-0 9. Qc2 h6 10. Be3 Ne5 11. Nxe5 dxe5 12. 0-0-0 Qe8 13. g4 Bxg4 14. Rdg1 f5 15. f3 Bxf3 16. Bxh6 Bf6 17. Bxf5 Qh5 18. Be3 Bxh1 19. Bg6 Qf3 20. Bc5 Rfd8 21. Rg3 Qf1+ 0-1

[Event "SLO-ch (Women)"]
[Site "Maribor"]
[Date "2004.07.03"]
[Round "8"]
[White "Grobelsek, Ana"]
[Black "Ankerst, Milka"]
[Result "0-1"]
[WhiteElo "2112"]
[BlackElo "2127"]
[PlyCount "80"]
[EventDate "2004.06.28"]
[EventType "swiss"]
[EventRounds "9"]
[EventCountry "SLO"]
[SourceTitle "EXT 2009"]
[Source "ChessBase"]
[SourceDate "2008.11.26"]
[SourceVersion "1"]
[SourceVersionDate "2008.11.26"]
[SourceQuality "1"]

1. e4 c5 2. Nc3 Nc6 3. Bb5 g6 4. Bxc6 dxc6 5. d3 Bg7 6. f4 Nf6 7. Nf3 Bg4 8. 0-0 0-0 9. Qe1 Bxf3 10. Rxf3 Ne8 11. e5 Nc7 12. Rh3 Qd7 13. Ne4 b6 14. Qh4 h6 15. Bd2 f5 16. exf6 exf6 17. Rg3 f5 18. Nc3 Rf6 19. Re1 Re8 20. Rge3 Rfe6 21. Qg3 Bd4 22. Nd1 Nd5 23. Kh1 Bxe3 24. Nxe3 Qe7 25. h3 Nxe3 26. Rxe3 Rxe3 27. Bxe3 Kf7 28. Bd2 Qe2 29. Bc3 Qf1+ 30. Kh2 Re2 31. h4 Qf2 32. Qxf2 Rxf2 33. Kg3 Rxc2 34. Kf3 h5 35. Be5 Ke6 36. g3 Kd5 37. Bf6 b5 38. Ke3 a5 39. Be5 a4 40. a3 b4 0-1